Agronomic Management Practices for Field Crop Production/ by S. Krishnaprabu (Record no. 52298)

MARC details
000 -LEADER
fixed length control field 00544nam a22001577a 4500
003 - CONTROL NUMBER IDENTIFIER
control field OSt
008 - FIXED-LENGTH DATA ELEMENTS--GENERAL INFORMATION
fixed length control field 260625b |||||||| |||| 00| 0 eng d
020 ## - INTERNATIONAL STANDARD BOOK NUMBER
International Standard Book Number 9789353870065
082 ## - DEWEY DECIMAL CLASSIFICATION NUMBER
Classification number 633.08
Item number K92A
100 ## - MAIN ENTRY--PERSONAL NAME
Personal name Krishnaprabu, S.
245 ## - TITLE STATEMENT
Title Agronomic Management Practices for Field Crop Production/ by S. Krishnaprabu
260 ## - PUBLICATION, DISTRIBUTION, ETC. (IMPRINT)
Place of publication, distribution, etc Delhi :
Name of publisher, distributor, etc Satish Serial Publishing House,
Date of publication, distribution, etc 2020.
300 ## - PHYSICAL DESCRIPTION
Extent ix, 436 p.
650 ## - SUBJECT ADDED ENTRY--TOPICAL TERM
Topical term or geographic name as entry element Technology (Applied Sciences) | Agriculture and related technologies | Field and plantation crops
942 ## - ADDED ENTRY ELEMENTS (KOHA)
Source of classification or shelving scheme
Koha item type Books
Holdings
Withdrawn status Lost status Source of classification or shelving scheme Damaged status Not for loan Home library Current library Shelving location Date acquired Source of acquisition Cost, normal purchase price Total Checkouts Full call number Barcode Date last seen Bill Date Koha item type Bill Number
          Dr. Rajendra Prasad Central Agricultural University Pusa, Dr. Rajendra Prasad Central Agricultural University Pusa, General Stacks 25/06/2026 Today & Tomorrow Printers and Publishers 3950.00   633.08 K92A 87120 25/06/2026 29/01/2026 Books Bill No. IN-00449
Hosted, Implemented, Customized & Maintained by: BestBookBuddies

Powered by Koha